00305pab a2200133 454500008004000000100001700040245003300057260000900090300001300099362001200112650002200124650001200146773001300158180718b1982 xxu||||| |||| 00| 0 eng d aMoitra, M.K. aHousing and urban federation c1982 ap.72-84. aOct-Dec aUrban development aHousing aNagarlok